00429nam a2200133Ia 4500008004100000024004800041082001700089100005000106245003700156260002600193600002100219650003800240999001700278260210s9999 xx 000 0 und d a10B-42-BS , 10B-114-BS & 10B-116-BS a005.1072 SAN aSania Jamil, Talha Baig & Rameesha Fareed 0aMedical Symptom Identifier (MIS) aKarachi:bUITU,c2010 aComputer Science aBachelor of Computer Science (BS) c32272d32272